1529 1770 1272 1580 1676 1136 1984 1435 1851 1625 1060 1770 1807 1271 1767 1296 1209 1247 1078 1975 1235 1308 1185 1719 1632 1238 1136 1398 1573 1972 1498 1635 1334 1189 1710 1166 1276 1162 1217 1499 1225 1541 1746 1303 1607 1657 1543 1813 1173 1289 1167 1827 1931 1906 1871 1998 1141 1457 1477 1204 1035 1188 1153 1457 1004 1209 1202 1615 1025 1281 1926 1992 1817 1954 1208 1376 1019 1824 1566 1499 1026 1743 1744 1361 1879 1665 1921 1871 1103 1029 1982 1557 1971 1173 1661 1107 1380 1917 1207 BCNSPRNW ULIB Ver.6.0+V

เปลี่ยนเป็นภาษาไทย

Change to English
 แสดงรายละเอียดบรรณานุกรม
  กลับหน้าหลัก

Brief Record : Get Marc (ISO 2709) : E-mail record : QR code < ปิดหน้าต่าง
LEADER : 00000nam 2200000uu 4500
001    13399115269
003     ULIB
008    120809s2555||||th 000 0 tha d
020    ^a9789741116263
060 04 ^aWG300^bป266P
100 0  ประดิษฐ์ ปัญจวีณิน
245 00 ^aPractical cardiology /^cบรรณาธิการ, ประดิษฐ์ ปัญจวีณิน,รุ่งโรจน์ กฤตยพงษ์, เรวัตร พันธุ์กิ่งทองคำ
250    ^aพิมพ์ครั้งที่ 1
260    ^aกรุงเทพฯ :^bสาขาวิชาหทัยวิทยา ภาควิชาอายุรศาสตร์และศูนย์โรคหัวใจสมเด็จพระบรมราชินีนาถคณะแพทยศาสตร์ศิริราชพยาบาล มหาวิทยาลัยมหิดล,^c2555
300    ^a290 หน้า :^bภาพประกอบ ;^c22 ซม.
650  7 ^aหัวใจ^xโรค
650  7 ^aหัวใจวาย
700 0  ^aรุ่งโรจน์ กฤตยพงษ์,^eบรรณาธิการ
700 0  ^aเรวัตร พันธุ์กิ่งทองคำ,^eบรรณาธิการ
710 2  ^aมหาวิทยาลัยมหิดล. ^bคณะแพทยศาสตร์ศิริราชพยาบาล.^bภาควิชาอายุรศาสตร์. ^bสาขาหทัยวิทยา
710 2  ^aมหาวิทยาลัยมหิดล. ^bคณะแพทยศาสตร์ศิริราชพยาบาล.^bศูนย์โรคหัวใจสมเด็จพระบรมราชินีนาถ
945    ^p235^l0^i19187
995    ^aทศพร
999 ^a ใช้งานได้ทุกระบบ
รายการนี้ยังไม่มีแท็ก
คุณยังไม่ได้ล็อกอิน คุณสามารถมีกิจกรรมร่วมกับเว็บไซต์ได้ แต่ต้องล็อกอินก่อน ::
  ล็อกอิน

รายการสื่อสารสนเทศ

ลำดับที่ ประเภท เลขเรียก/บาร์โค้ด สถานที่ สถานะ
1. วิทยาศาสตร์การแพทย์ และสุขภาพ
วิทยาศาสตร์การแพทย์ และสุขภาพ
สถานะ=หนังสือเก่า
WG300 ป266P  
  Barcode: 19187
ห้องสมุดวิทยาเขตนครสวรรค์
►ส่วนจัดเก็บหนังสือเก่า นว.
บนชั้น
  ขอยืม

รายการใกล้เคียง
    ผู้แต่ง [ประดิษฐ์ ปัญจวีณิน]

    หัวเรื่อง [หัวใจ โรค]
    หัวเรื่อง [หัวใจวาย]

BibComment


ยังไม่เคยถูกคอมเมนท์

คอมเมนท์ทรัพยากรรายการนี้
  คอมเมนท์: Practical cardio..


 Copyright 2026. Bcnsprnw @Library